000 00660nam a22002177a 4500
003 SEM
999 _c68711
_d68711
005 20220608074206.0
008 181210b ||||| |||| 00| 0 germ d
020 _a3805317719
040 _aSEM
_cSEM
041 _agerm.
080 _a803.0-3=93.1/H-22
100 _aHannig Rainer
245 _aDie Sprache der Pharaonen.
_bGroßes Handwörterbuch Deutsch-Ägyptisch (2800-950 v. Chr.). /
_cR. Hannig
260 _aMainz:
_bPhilipp von Zabern,
_c2000.
300 _aXXII+1753 S.;
_c20 cm
440 _aHannig Lexica
_v3
440 _aKulturgeschichte der Antiken Welt
_vBd. 86
650 _aDictionary
_xGerman
_xEgyptian
942 _2udc
_cBK